01366cam a22004334i 4500003000900000005001700009008004100026020001500067020001800082035002000100040003300120041001300153082002000166100002300186245012100209264003000330300006100360336002100421337002500442338002300467504004000490504003100530505014200561526000900703526000900712526000900721526000900730526000900739526000900748526000800757526000800765526000800773526000800781526000800789526000800797534006900805650003200874650002600906PE-LiUPU20250731184534.0170703s1996 nyua rb 000 0 eng d a9004100563 a9789004100565 a(Sirsi) a237856 aPE-LiUPUbengcPE-LiUPUerda1 aenghger04a961.02bH172201 aHalm, Heinz, 1942-14aThe empire of the Mahdi :bthe rise of the Fatimids /cby Heinz Halm ; translated from the German by Michael Bonner. 1aNew York :bBrill,c1996. avii, 452 páginas :bilustraciones ;c25 centímetros. atext2rdacontent aunmediated2rdamedia avolume2rdacarrier aBibliografía : páginas 429-434. aIndex : páginas 435-452.0 aThe secret order -- The appearance of the mahdi -- The caliph Al-mahdi billah -- The collapse of the empire -- New Beginning -- The imam. aP136 aP135 aP134 aP133 aP144 aP143 aP87 aP35 aP20 aP14 aP10 aP06 pTítulo original :tDas Reich des mahdi Aufstieg der fatimiden.04aÁfrica, Norte - historia.04aFatimites - historia.